000 00358cam a2200145ua 4500
041 _ahin
_h
082 _a891.54
_bGOV/AB
100 _aGovinda Vallab, Pant.
245 _aAbhitab /
_cGovind Vallab pant.
_hTextual Documents
260 _a :
_bGanga Pustakamala Karyalay ,
_c1964.
300 _a322 ; .
504 _a
942 _cBK
999 _c12047
_d12047